Alphaprints 123 / (Record no. 48799)
| 000 -LEADER | |
|---|---|
| fixed length control field | 00506nam a2200133 4500 |
| 020 ## - INTERNATIONAL STANDARD BOOK NUMBER | |
| International Standard Book Number | 9781783419630 |
| 100 ## - MAIN ENTRY--PERSONAL NAME | |
| Personal name | Priddy Books, |
| Relator term | Publisher. |
| 9 (RLIN) | 86218 |
| 245 ## - TITLE STATEMENT | |
| Title | Alphaprints 123 / |
| Statement of responsibility, etc | Published by Priddy Books. |
| 260 ## - PUBLICATION, DISTRIBUTION, ETC. (IMPRINT) | |
| Place of publication, distribution, etc | UK. : |
| Name of publisher, distributor, etc | Priddy Books ; |
| Date of publication, distribution, etc | 2019. |
| 520 ## - SUMMARY, ETC. | |
| Summary, etc | This unique 123 book will delight children with textured pages, rhymes to read and wonderful fingerprint creatures. |
| 650 ## - SUBJECT ADDED ENTRY--TOPICAL TERM | |
| 9 (RLIN) | 76384 |
| Topical term or geographic name as entry element | numbers |
| Form subdivision | board book |
| 650 ## - SUBJECT ADDED ENTRY--TOPICAL TERM | |
| 9 (RLIN) | 57631 |
| Topical term or geographic name as entry element | Fingerprints in art |
| Form subdivision | Juvenile literature. |
| 942 ## - ADDED ENTRY ELEMENTS (KOHA) | |
| Source of classification or shelving scheme | |
| Koha item type | Board Book |
| Withdrawn status | Lost status | Source of classification or shelving scheme | Damaged status | Not for loan | Home library | Current library | Date acquired | Total Checkouts | Full call number | Barcode | Checked out | Date last seen | Date checked out | Price effective from | Koha item type |
|---|---|---|---|---|---|---|---|---|---|---|---|---|---|---|---|
| Logos International School | Logos International School | 04/02/2025 | 3 | BB PRI | 040596 | 02/13/2026 | 09/29/2025 | 09/29/2025 | 04/02/2025 | Board Book |